<?xml version="1.0" encoding="UTF-8"?>
<record
    xmlns:xsi="http://www.w3.org/2001/XMLSchema-instance"
    xsi:schemaLocation="http://www.loc.gov/MARC21/slim http://www.loc.gov/standards/marcxml/schema/MARC21slim.xsd"
    xmlns="http://www.loc.gov/MARC21/slim">

  <leader>00356nam a22001217a 4500</leader>
  <datafield tag="999" ind1=" " ind2=" ">
    <subfield code="c">3437</subfield>
    <subfield code="d">3437</subfield>
  </datafield>
  <controlfield tag="008">200615b           ||||| |||| 00| 0 eng d</controlfield>
  <datafield tag="110" ind1=" " ind2=" ">
    <subfield code="9">2835</subfield>
    <subfield code="a">MCA</subfield>
  </datafield>
  <datafield tag="245" ind1="1" ind2="0">
    <subfield code="a">Code of safe working practice for merchant seamen : consolidated edition 2011 /</subfield>
  </datafield>
  <datafield tag="260" ind1=" " ind2=" ">
    <subfield code="a">London :</subfield>
    <subfield code="b">TSO,</subfield>
    <subfield code="c">2011.</subfield>
  </datafield>
  <datafield tag="300" ind1=" " ind2=" ">
    <subfield code="a">120p.</subfield>
  </datafield>
  <datafield tag="650" ind1=" " ind2="0">
    <subfield code="a">Ships--Cargo--Safety regulations</subfield>
  </datafield>
  <datafield tag="942" ind1=" " ind2=" ">
    <subfield code="c">BK</subfield>
  </datafield>
  <datafield tag="952" ind1=" " ind2=" ">
    <subfield code="0">0</subfield>
    <subfield code="1">0</subfield>
    <subfield code="2">ddc</subfield>
    <subfield code="4">0</subfield>
    <subfield code="7">0</subfield>
    <subfield code="9">9309</subfield>
    <subfield code="a">CL</subfield>
    <subfield code="b">CL</subfield>
    <subfield code="d">2013-12-20</subfield>
    <subfield code="e">Shroff Publishers and Distributors</subfield>
    <subfield code="l">2</subfield>
    <subfield code="p">11711</subfield>
    <subfield code="r">2026-04-11</subfield>
    <subfield code="s">2026-04-11</subfield>
    <subfield code="v">4317.30</subfield>
    <subfield code="y">BK</subfield>
  </datafield>
</record>
